Derecho Civil segundo año: de los contratos. Versiones taquigráficas de la cátedra de Derecho Civil
Furkejuvvon:
| Váldodahkki: | |
|---|---|
| Materiálatiipa: | Girji |
| Giella: | espánnjágiella |
| Almmustuhtton: |
Santiago
Bellas Artes
1930
|
| Preanttus: | 1a. ed |
| Fáttát: | |
| Fáddágilkorat: |
Lasit fáddágilkoriid
Eai fáddágilkorat, Lasit vuosttaš fáddágilkora!
|
MARC
| LEADER | 00000cam a2200000 a 4500 | ||
|---|---|---|---|
| 001 | UCB0058 | ||
| 003 | CL-VaPUC | ||
| 005 | 20220323124651.0 | ||
| 008 | 191206e19300000cl spa d | ||
| 082 | 0 | 4 | |a 346.02 |b ALE |2 21 |
| 100 | |a Alessandri Rodríguez, Arturo |e autor |9 605353 | ||
| 245 | 1 | 0 | |a Derecho Civil segundo año: de los contratos. Versiones taquigráficas de la cátedra de Derecho Civil |
| 250 | |a 1a. ed | ||
| 260 | |a Santiago |b Bellas Artes |c 1930 | ||
| 300 | |a 263 p | ||
| 583 | |a last modification |c 20191206 10:52:00 |k Rodrigo Vera | ||
| 650 | 0 | 0 | |a Derecho civil |9 255013 |
| 650 | 0 | 0 | |a Contratos |9 255153 |
| 942 | |c BK | ||
| 945 | |a dcastane |d 20191206 10:52:00 | ||
| 999 | |c 376284 |d 376282 | ||
| 952 | |0 0 |1 0 |3 erb |4 0 |6 346_020000000000000_ALE_1930 |7 0 |8 A |9 495649 |a BIBDER |b BIBDER |e Precht Pizarro, Jorge Enrique |i 5611229 |o 346.02 ALE 1930 |p 5611229 |r 2023-01-25 |w 2020-01-06 |y BK |z Catalogado en:20191206 |k DER | ||